000 00650nam a22002057a 4500
003 OSt
005 20240926114800.0
008 220822b ||||| |||| 00| 0 eng d
020 _a9781420087208
040 _cddc
082 _a577 ECO 2017
100 _aEdited by Erik Alan Beever : Jerrold L. Belant.
_916226
245 _aEcological Consequences of Climate change :
_b mechanisms, conservation, and management.
260 _aBoca Raton;
_bCRC Press,
_c©2017
300 _axix, 314 pages :
_b ill:
_c 25 cm
504 _aReferences, & index included
650 _a Ecology
_916227
650 _aClimatic changes.
_916228
942 _2ddc
_cO_SHELF
999 _c7995
_d7995